000 01262cad a22002415a 4500
001 L153313
008 110708s2011 xxk 000 0 eng d
020 _a9781842196908
035 _a(Sirsi) u153313
041 0 _aeng
050 0 4 _a336.1 $2 20
110 2 _aRoyal Institution of Chartered Surveyors
_94900
245 0 4 _aThe future of private finance initiative and public private partnership
_h[electronic resource]
260 _aCoventry
_bRICS
_c2011
490 _aRICS Research Paper Series
520 _aThis report presents a timely and credible evidence base to enable RICS to inform and guide members and other key stakeholder groupings on the challenges and opportunities afforded by PPPs. The key findings from the report are presented under a series of thematic headings and reflect the views and experiences of a diverse range of key stakeholder groupings across five key PPP markets namely Australia, Canada, India, the UK and the US.
650 2 4 _aPUBLIC PRIVATE PARTNERSHIPS
650 2 4 _aPRIVATE FINANCE INITIATIVE
651 4 _aEngland and Wales
_y1543-
690 _aPROPERTY-PROPERTY FINANCE AND INVESTMENT
856 4 0 _uhttps://www.rics.org/Global/PPI_PPP_010713_dwl_aj.pdf
_z View for free online at www.rics.org.
942 _n0
999 _c112466
_d112466